[Event "GER-ch U18 sf Berlin Online"]
[Site "Playchess.com INT"]
[Date "2020.05.01"]
[Round "12"]
[White "Hoffmann, Tom"]
[Black "Koulouris, Fabian"]
[Result "0-1"]
[WhiteElo "1528"]
[BlackElo "1620"]
[PlyCount "133"]
[EventDate "2020.05.01"]
[EventType "swiss (blitz)"]
[EventRounds "13"]
[EventCountry "GER"]
[SourceTitle "CBM 195 Extra"]
[Source "ChessBase"]
[SourceDate "2020.05.31"]
[SourceVersion "1"]
[SourceVersionDate "2020.05.31"]
[SourceQuality "1"]

1. d4 d5 2. Bf4 Bf5 3. Nf3 Nf6 4. e3 c5 5. c3 e6 6. Bd3 Bxd3 7. Qxd3 Nc6 8. Qb5 Qb6 9. Qxb6 axb6 10. Nbd2 c4 11. Ne5 Nxe5 12. Bxe5 Nd7 13. Bf4 b5 14. 0-0 Be7 15. e4 Nb6 16. Rfe1 dxe4 17. Nxe4 Nd5 18. Nd6+ Bxd6 19. Bxd6 Kd7 20. Bc5 b6 21. Ba3 Rhe8 22. Bb4 Kc6 23. a3 Ra7 24. g3 Rea8 25. f4 Nxb4 26. cxb4 Rd8 27. Red1 Rad7 28. Rac1 Rxd4 29. Rxd4 Rxd4 30. b3 Kd5 31. bxc4+ Rxc4 32. Ra1 Rd4 33. Ra2 Rd3 34. Kf2 Kc4 35. Ke2 Rc3 36. Kd2 Kb3 37. Ra1 Rc2+ 38. Kd3 Rxh2 39. Ke3 Ra2 40. Rh1 Rxa3 41. Rxh7 Kxb4+ 42. Kf2 Rc3 43. Rxg7 Rc7 44. Rh7 Kc3 45. Rh5 b4 46. Rb5 b3 47. Rxb6 b2 48. Ke2 Kc2 49. Rxb2+ Kxb2 50. Ke3 Rc3+ 51. Kf2 Rc4 52. Kf3 Kc3 53. Kg4 f5+ 54. Kg5 Re4 55. g4 fxg4 56. Kxg4 Kd4 57. Kg5 Ke3 58. f5 exf5 59. Kxf5 Kf3 60. Kf6 Kf4 61. Kg6 Re6+ 62. Kf7 Kf5 63. Kg7 Re7+ 64. Kg8 Kf6 65. Kh8 Re8+ 66. Kh7 Ra8 67. Kh6 0-1

[Event "GER-ch U18 sf Berlin Online"]
[Site "Playchess.com INT"]
[Date "2020.05.01"]
[Round "8"]
[White "Koulouris, Fabian"]
[Black "Braeutigam, Katerina"]
[Result "0-1"]
[WhiteElo "1620"]
[BlackElo "1479"]
[PlyCount "80"]
[EventDate "2020.05.01"]
[EventType "swiss (blitz)"]
[EventRounds "13"]
[EventCountry "GER"]
[SourceTitle "CBM 195 Extra"]
[Source "ChessBase"]
[SourceDate "2020.05.31"]
[SourceVersion "1"]
[SourceVersionDate "2020.05.31"]
[SourceQuality "1"]

1. e4 c6 2. d4 d5 3. exd5 cxd5 4. c4 Nf6 5. Nc3 e6 6. Nf3 Bb4 7. Bd3 dxc4 8. Bxc4 0-0 9. 0-0 Bxc3 10. bxc3 Qc7 11. Qb3 Nc6 12. Ba3 Rd8 13. Bb5 Na5 14. Qb4 a6 15. Bd3 b5 16. Qe7 Qxe7 17. Bxe7 Rd7 18. Bxf6 gxf6 19. Rfc1 Bb7 20. Nd2 Rc8 21. Nb3 Nc4 22. Bxc4 Rxc4 23. Na5 Rc8 24. Nxb7 Rxb7 25. a4 Rbc7 26. axb5 axb5 27. Rab1 Rxc3 28. Rxc3 Rxc3 29. f3 Rd3 30. Rxb5 Rxd4 31. Rb3 Rd2 32. Rb5 Kg7 33. h3 e5 34. Kh2 Re2 35. Kg3 f5 36. h4 h5 37. Rc5 Kg6 38. Rc6+ f6 39. Rc3 e4 40. f4 Rd2 0-1

[Event "GER-chT U12"]
[Site "Magdeburg"]
[Date "2019.12.30"]
[Round "7.1"]
[White "Brandstrup, Luca Alexander"]
[Black "Koulouris, Fabian"]
[Result "1/2-1/2"]
[WhiteElo "1602"]
[BlackElo "1261"]
[PlyCount "84"]
[EventDate "2019.12.27"]
[EventType "team-swiss"]
[EventRounds "7"]
[EventCountry "GER"]
[SourceTitle "CBM 194 Extra"]
[Source "ChessBase"]
[SourceDate "2020.03.31"]
[SourceVersion "1"]
[SourceVersionDate "2020.03.31"]
[SourceQuality "1"]
[WhiteTeam "Hamburger SK"]
[BlackTeam "Kreuzberg"]
[WhiteTeamCountry "GER"]
[BlackTeamCountry "GER"]

1. e4 e6 2. d4 d5 3. Bd3 dxe4 4. Bxe4 Nf6 5. Bg5 h6 6. Bxf6 Qxf6 7. Ne2 Bd6 8. h3 0-0 9. 0-0 c6 10. f4 c5 11. c3 cxd4 12. cxd4 Nc6 13. Nbc3 Rd8 14. Qd2 Bc5 15. Bxc6 Bxd4+ 16. Nxd4 Rxd4 17. Qf2 bxc6 18. Rad1 Rd8 19. Ne4 Qe7 20. Qc5 Qxc5+ 21. Nxc5 Rd5 22. Nb3 Ba6 23. Rfe1 Rad8 24. Rc1 R8d6 25. Rc2 Bb5 26. Kh2 Ba4 27. Rec1 Rb5 28. Rxc6 Rxc6 29. Rxc6 Bxb3 30. axb3 Rxb3 31. Ra6 Rxb2 32. Rxa7 g6 33. Ra5 Kg7 34. Rc5 Kf6 35. h4 Rd2 36. Kh3 Rd5 37. Rc4 h5 38. g3 Kf5 39. Rb4 f6 40. Rb3 Ra5 41. Rc3 Rd5 42. Re3 Rc5 1/2-1/2